| 000 | 00765pam a2200253 a 4500 | ||
|---|---|---|---|
| 999 |
_c1446 _d1446 |
||
| 003 | OSt | ||
| 005 | 20221229153557.0 | ||
| 008 | 050719s2005 nyua j 001 0 eng | ||
| 020 | _a9780778719953 (pbk.) | ||
| 040 |
_aCaOONL _beng _cCaOONL _dCaOONL _dCaOL _dKH8 |
||
| 082 | _a577.69916 CRO | ||
| 100 | 1 |
_aCrossingham, John, _d1974- _eauthor |
|
| 245 | 1 | 0 |
_aSeashore food chains / _cJohn Crossingham & Bobbie Kalman. |
| 260 |
_aNew York : _bCrabtree Publishing Co., _cc2005. |
||
| 300 |
_a32 p. : _bcol. ill. |
||
| 490 | 1 | _aFood chains. | |
| 500 | _aIncludes index. | ||
| 650 | 0 | _aSeashore ecology. | |
| 650 | 0 | _aFood chains (Ecology). | |
| 650 | 0 | _aSeashore. | |
| 700 | 1 |
_aKalman, Bobbie, _d1947- _eauthor |
|
| 830 | 0 | _aFood chains series. | |
| 942 |
_2ddc _cNFIC |
||